Социально-политические представления в исламе. История и современность: сборник статей; Исторические судьбы мусульманского представления о власти; Средневековые "поучения владыкам" и проблематика власти; Концепция мусульманской формы правления и современное государствоведение в странах Арабского Востока; Термин дараджа в Коране (к проблеме социальной стратификации общества оседлых центров Внутренней Аравии на рубеже VI-VII вв.); О современной мусульманской трактовке проблем собственности, капитала и труда; К интерпретации коранических терминов кыст и адль; Умма и арабский национализм

Bibliographische Detailangaben
Körperschaft: Академия наук СССР (АН СССР) Институт востоковедения (ИВ)
Weitere Verfasser: Смилянская И. М. (редактор)
Sprache:Russisch
Veröffentlicht: Москва, Наука, 1987
TOC:М. Б. Пиотровский, Исторические судьбы мусульманского представления о власти;
А. А. Игнатенко, Средневековые "поучения владыкам" и проблематика власти;
Л. Р. Сюкияйнен, Концепция мусульманской формы правления и современное государствоведение в странах Арабского Востока;
Е. А. Резван, Термин дараджа в Коране (к проблеме социальной стратификации общества оседлых центров Внутренней Аравии на рубеже VI-VII вв.);
А. И. Ионова, О современной мусульманской трактовке проблем собственности, капитала и труда;
С. Х. Кямилев, К интерпретации коранических терминов кыст и адль;
З. И. Левин, Умма и арабский национализм;
Schlagworte:
Format: MixedMaterials Buch
KOHA link:https://koha.lib.tpu.ru/cgi-bin/koha/opac-detail.pl?biblionumber=19135

MARC

LEADER 00000nam0a2200000 4500
001 19135
005 20231030191539.0
035 |a (RuTPU)RU\TPU\book\19295 
035 |a BOOK00003983 
090 |a 19135 
100 |a 20011209d1987 km y0rusy50 ca 
101 0 |a rus 
102 |a RU 
105 |a y z 001zy 
200 1 |a Социально-политические представления в исламе. История и современность  |e сборник статей  |f Академия наук СССР (АН СССР), Институт востоковедения (ИВ) ; под ред. И. М. Смилянской 
210 |a Москва  |c Наука  |d 1987 
215 |a 115 с. 
320 |a Библиогр. в примеч. в конце ст. 
320 |a Список сокращений: с. 116. 
464 |t Исторические судьбы мусульманского представления о власти  |f М. Б. Пиотровский 
464 |t Средневековые "поучения владыкам" и проблематика власти  |f А. А. Игнатенко 
464 |t Концепция мусульманской формы правления и современное государствоведение в странах Арабского Востока  |f Л. Р. Сюкияйнен 
464 |t Термин дараджа в Коране (к проблеме социальной стратификации общества оседлых центров Внутренней Аравии на рубеже VI-VII вв.)  |f Е. А. Резван 
464 |t О современной мусульманской трактовке проблем собственности, капитала и труда  |f А. И. Ионова 
464 |t К интерпретации коранических терминов кыст и адль  |f С. Х. Кямилев 
464 |t Умма и арабский национализм  |f З. И. Левин 
610 1 |a ислам 
610 1 |a политика 
610 1 |a религия 
610 1 |a мусульманство 
610 1 |a статьи 
686 |a Э38  |v LBC/SL-A  |2 rubbk 
686 |a Э211  |v LBC/SL-A  |2 rubbk 
702 1 |a Смилянская  |b И. М.  |4 340 
712 0 2 |a Академия наук СССР (АН СССР)  |b Институт востоковедения (ИВ)  |c (Москва)  |2 stltpush  |3 (RuTPU)RU\TPU\col\11263 
801 0 |a RU  |b 63413507  |c 20011209  |g PSBO 
801 2 |a RU  |b 63413507  |c 20220906  |g PSBO 
942 |c BK